[Event "BI-2012-P-00010"]
[Site "LSS email"]
[Date "2012.04.20"]
[Round "?"]
[White "Pirttimaki, Mika"]
[Black "Kelbl, Jiri"]
[Result "1-0"]
[WhiteElo "1361"]
[BlackElo "1543"]
[PlyCount "35"]
[EventDate "2012.04.22"]
[EventType "tourn (corr)"]
[EventRounds "10"]
[EventCountry "GER"]
[SourceTitle "Corr 2015"]
[Source "ChessBase"]
[SourceDate "2015.07.17"]
[SourceVersion "1"]
[SourceVersionDate "2015.07.17"]
[SourceQuality "1"]

1. e4 e5 2. Nf3 Nc6 3. Nc3 g6 4. d4 exd4 5. Nxd4 Bg7 6. Be3 d6 7. Be2 Nge7 8. 0-0 0-0 9. Nxc6 Nxc6 10. Qd2 Be6 11. a3 a6 12. Rab1 Re8 13. f3 Qd7 14. Rfd1 Rad8 15. Bh6 Qe7 16. Bxg7 Kxg7 17. Nd5 Bxd5 18. Qxd5 1-0

[Event "BI-2011-F-00010"]
[Site "LSS email"]
[Date "2012.02.12"]
[Round "?"]
[White "Kelbl, Jiri"]
[Black "Peraza Balleste, Orlando"]
[Result "0-1"]
[WhiteElo "1543"]
[BlackElo "1872"]
[PlyCount "60"]
[EventDate "2012.02.15"]
[EventType "tourn (corr)"]
[EventRounds "10"]
[EventCountry "GER"]
[SourceTitle "Telechess CBM 165"]
[Source "ChessBase"]
[SourceDate "2015.03.11"]
[SourceVersion "1"]
[SourceVersionDate "2015.03.11"]
[SourceQuality "1"]

1. e4 e5 2. Nf3 Nc6 3. Bb5 a6 4. Ba4 Nf6 5. 0-0 Be7 6. Re1 b5 7. Bb3 0-0 8. c3 d5 9. exd5 Nxd5 10. Nxe5 Nxe5 11. Rxe5 c6 12. d4 Bd6 13. Re1 Qh4 14. g3 Qh3 15. Be3 Bg4 16. Qd3 f5 17. f4 g5 18. Qf1 Qh5 19. Nd2 Rae8 20. Bxd5+ cxd5 21. Qg2 gxf4 22. Qxd5+ Kg7 23. Bxf4 Bxf4 24. gxf4 Kh8 25. a4 Be2 26. Nf1 Re4 27. Ng3 Qg4 28. axb5 Rg8 29. bxa6 Qxf4 30. Qxg8+ Kxg8 0-1

[Event "BI-2011-F-00010"]
[Site "LSS email"]
[Date "2012.02.12"]
[Round "?"]
[White "Kelbl, Jiri"]
[Black "Weiss, Lester P"]
[Result "0-1"]
[WhiteElo "1543"]
[BlackElo "1928"]
[PlyCount "62"]
[EventDate "2012.02.15"]
[EventType "tourn (corr)"]
[EventRounds "10"]
[EventCountry "GER"]
[SourceTitle "Telechess CBM 165"]
[Source "ChessBase"]
[SourceDate "2015.03.11"]
[SourceVersion "1"]
[SourceVersionDate "2015.03.11"]
[SourceQuality "1"]

1. e4 c5 2. Nf3 d6 3. d4 cxd4 4. Nxd4 Nf6 5. Nc3 a6 6. Be3 e5 7. Nb3 Be6 8. f3 h5 9. Qd2 Nbd7 10. 0-0-0 Be7 11. Kb1 b5 12. g3 Nb6 13. Na5 Qc7 14. Bxb6 Qxb6 15. Nd5 Nxd5 16. exd5 Bd7 17. Bd3 Rc8 18. Rhe1 0-0 19. f4 Bf6 20. Qb4 exf4 21. Nc4 Rxc4 22. Bxc4 a5 23. Qb3 a4 24. Qb4 f3 25. Bd3 f2 26. Re4 Bf5 27. Rf4 Bxd3 28. cxd3 Be5 29. Rf5 Bd4 30. Rxh5 Re8 31. Qd2 b4 0-1

[Event "BI-2011-F-00010"]
[Site "LSS email"]
[Date "2012.02.12"]
[Round "?"]
[White "Mary, Patrick"]
[Black "Kelbl, Jiri"]
[Result "1/2-1/2"]
[WhiteElo "2114"]
[BlackElo "1543"]
[PlyCount "31"]
[EventDate "2012.02.15"]
[EventType "tourn (corr)"]
[EventRounds "10"]
[EventCountry "GER"]
[SourceTitle "Corr 2015"]
[Source "ChessBase"]
[SourceDate "2015.07.17"]
[SourceVersion "1"]
[SourceVersionDate "2015.07.17"]
[SourceQuality "1"]

1. e4 e5 2. Nf3 Nc6 3. Bb5 a6 4. Bxc6 dxc6 5. 0-0 f6 6. d4 exd4 7. Nxd4 c5 8. Nb3 Qxd1 9. Rxd1 Bg4 10. f3 Be6 11. Bf4 c4 12. Nd4 0-0-0 13. Nc3 Bf7 14. Nf5 Rxd1+ 15. Rxd1 g6 16. Nd4 1/2-1/2

[Event "CP-2011-P-00017"]
[Site "LSS email"]
[Date "2011.09.30"]
[Round "?"]
[White "Lavis, Jon"]
[Black "Kelbl, Jiri"]
[Result "1-0"]
[WhiteElo "2030"]
[BlackElo "1543"]
[PlyCount "85"]
[EventDate "2011.10.01"]
[EventType "tourn (corr)"]
[EventRounds "6"]
[EventCountry "GER"]
[SourceTitle "Telechess CBM 165"]
[Source "ChessBase"]
[SourceDate "2015.03.11"]
[SourceVersion "1"]
[SourceVersionDate "2015.03.11"]
[SourceQuality "1"]

1. Nf3 c5 2. c4 Nf6 3. Nc3 Nc6 4. e4 d6 5. d4 Bg4 6. dxc5 dxc5 7. Be2 Qxd1+ 8. Bxd1 0-0-0 9. Ng5 Ne5 10. f3 Nd3+ 11. Ke2 Bh5 12. Be3 e6 13. Bb3 Be7 14. Nh3 Ne5 15. Rad1 Rxd1 16. Rxd1 Rd8 17. Rxd8+ Kxd8 18. Bc1 Nfd7 19. Nf4 Bg6 20. Nxg6 Nxg6 21. g3 a6 22. f4 Nb8 23. Be3 b6 24. Bd1 Nd7 25. a3 h6 26. Kd3 Kc7 27. h3 Bd6 28. Bh5 Ndf8 29. e5 Be7 30. Bd2 Kc6 31. Ne4 Kc7 32. Bc3 Kc6 33. Bf3 Kc7 34. Nd6 Bxd6 35. exd6+ Kxd6 36. Bxg7 Nd7 37. Bxh6 Nf6 38. h4 e5 39. Bg5 Nd7 40. h5 Ngf8 41. Ke4 exf4 42. gxf4 Nh7 43. Kf5 1-0

[Event "BI-2011-P-00014"]
[Site "LSS email"]
[Date "2011.04.17"]
[Round "?"]
[White "Herzog, Klaus"]
[Black "Kelbl, Jiri"]
[Result "0-1"]
[WhiteElo "1791"]
[BlackElo "1709"]
[PlyCount "48"]
[EventDate "2011.04.20"]
[EventType "tourn (corr)"]
[EventRounds "10"]
[EventCountry "GER"]
[SourceTitle "Telechess CBM 149"]
[Source "ChessBase"]
[SourceDate "2012.07.17"]
[SourceVersion "1"]
[SourceVersionDate "2012.07.17"]
[SourceQuality "1"]

1. d4 d5 2. c4 c6 3. Nc3 Nf6 4. cxd5 cxd5 5. Nf3 Nc6 6. Bf4 a6 7. Rc1 Bf5 8. e3 Rc8 9. Be2 e6 10. 0-0 Bd6 11. Bxd6 Qxd6 12. Na4 0-0 13. Nc5 Rc7 14. Qb3 Qe7 15. Rc3 Bg4 16. Rfc1 Ne4 17. R3c2 Nxc5 18. Rxc5 f5 19. g3 Qd6 20. Qb6 Rd7 21. R5c2 Bxf3 22. Bxf3 Rb8 23. a3 Qc7 24. h4 Qxb6 0-1

[Event "BI-2011-P-00014"]
[Site "LSS email"]
[Date "2011.04.17"]
[Round "?"]
[White "Kelbl, Jiri"]
[Black "Yarmolyuk, Yury"]
[Result "1/2-1/2"]
[WhiteElo "1709"]
[BlackElo "2153"]
[PlyCount "96"]
[EventDate "2011.04.20"]
[EventType "tourn (corr)"]
[EventRounds "10"]
[EventCountry "GER"]
[SourceTitle "Telechess CBM 149"]
[Source "ChessBase"]
[SourceDate "2012.07.17"]
[SourceVersion "1"]
[SourceVersionDate "2012.07.17"]
[SourceQuality "1"]

1. e4 e6 2. d4 d5 3. Nd2 c5 4. Ngf3 Nc6 5. exd5 exd5 6. Bb5 Bd6 7. dxc5 Bxc5 8. 0-0 Nge7 9. Nb3 Bd6 10. Re1 0-0 11. Bd3 h6 12. h3 Nf5 13. c3 Bc7 14. Bc2 Qd6 15. Qd3 g6 16. Qd1 h5 17. Bg5 f6 18. Be3 Nxe3 19. Rxe3 Kg7 20. Nbd4 Nxd4 21. cxd4 Be6 22. Rb3 Rab8 23. Qd2 Rfe8 24. Rc1 Re7 25. Bb1 Bf7 26. Re1 Rbe8 27. Rxe7 Rxe7 28. Re3 Rxe3 29. Qxe3 Qb4 30. Qc1 Bb6 31. a3 Qc4 32. Qe3 Qb5 33. Qd2 Qb3 34. Bd3 Qa4 35. Qe3 Qd7 36. Nh4 Qc6 37. Kh2 Qe8 38. Qg3 a6 39. Nf5+ Kh7 40. Nd6 Qd7 41. Nxf7 Qxf7 42. Qf3 Kg7 43. Qe3 f5 44. Qe5+ Kh7 45. Kg1 Bc7 46. Qe3 Qf6 47. Qf3 Qe6 48. Qe3 Qxe3 1/2-1/2

[Event "FICGS W-ch st1 g12 email"]
[Site "FICGS email"]
[Date "2011.04.01"]
[Round "1"]
[White "Kelbl, Jiri"]
[Black "Zeman, Martin"]
[Result "0-1"]
[WhiteElo "1921"]
[BlackElo "2065"]
[PlyCount "56"]
[EventDate "2011.??.??"]
[EventType "tourn (corr)"]
[EventRounds "8"]
[SourceTitle "Corr 2013"]
[Source "ChessBase"]
[SourceDate "2012.11.12"]
[SourceVersion "1"]
[SourceVersionDate "2012.11.12"]
[SourceQuality "1"]

1. e4 c5 2. Nf3 d6 3. d4 cxd4 4. Nxd4 Nf6 5. Nc3 a6 6. Be3 e5 7. Nb3 Be6 8. f3 Nbd7 9. Qd2 b5 10. 0-0-0 Be7 11. g4 0-0 12. g5 b4 13. Ne2 Ne8 14. f4 exf4 15. Bxf4 Nc5 16. Bg2 Nxb3+ 17. axb3 a5 18. e5 a4 19. Bxa8 Qxa8 20. Nd4 dxe5 21. Bxe5 Nd6 22. Bxd6 a3 23. c4 a2 24. Kc2 Bxd6 25. Nxe6 fxe6 26. Rhe1 Bf4 27. Qxb4 Qg2+ 28. Kc3 a1Q 0-1

[Event "FICGS class B 000136 email"]
[Site "FICGS email"]
[Date "2011.01.11"]
[Round "1"]
[White "Kasabasic, Djordje"]
[Black "Kelbl, Jiri"]
[Result "1-0"]
[WhiteElo "1800"]
[BlackElo "1922"]
[PlyCount "81"]
[EventDate "2011.??.??"]
[EventType "tourn (corr)"]
[EventRounds "5"]
[SourceTitle "Corr 2013"]
[Source "ChessBase"]
[SourceDate "2012.11.12"]
[SourceVersion "1"]
[SourceVersionDate "2012.11.12"]
[SourceQuality "1"]

1. e4 e5 2. Nf3 Nc6 3. Bb5 Nf6 4. 0-0 Nxe4 5. d4 Nd6 6. Bxc6 dxc6 7. dxe5 Nf5 8. Qxd8+ Kxd8 9. Nc3 Ne7 10. h3 Ng6 11. Bg5+ Ke8 12. Rad1 Be6 13. Nd4 Bc4 14. Rfe1 Bb4 15. Bd2 Rd8 16. a3 Bxc3 17. Bxc3 Nf4 18. b3 Be2 19. Rd2 Bh5 20. e6 fxe6 21. g4 Bf7 22. Kh2 Nd5 23. Bb2 h5 24. Kg3 h4+ 25. Kh2 Rh6 26. Nf5 Rh7 27. c4 Nf4 28. Nxg7+ Ke7 29. Rxd8 Kxd8 30. Re4 Ng6 31. Bf6+ Kc8 32. Nxe6 Bxe6 33. Rxe6 Kd7 34. Re4 Rf7 35. g5 Nf8 36. f4 Nh7 37. Bc3 Nf8 38. Kg2 Ne6 39. Bf6 a6 40. f5 Nxg5 41. Rd4+ 1-0